书目信息 |
| 题名: |
语义功能语法与汉语研究
|
|
| 作者: | 王振来 著 | |
| 分册: | ||
| 出版信息: | 北京 北京师范大学出版社 2011.2 |
|
| 页数: | 239页 | |
| 开本: | 24cm | |
| 丛书名: | ||
| 单 册: | ||
| 中图分类: | H13 , H14 | |
| 科图分类: | ||
| 主题词: | 汉语--语义--研究 , 汉语--语法--研究 | |
| 电子资源: | ||
| ISBN: | 978-7-303-12048-2 | |
| 000 | 01175nam0 2200277 45 | |
| 001 | 1360078234 | |
| 005 | 20130530093106.56 | |
| 010 | @a978-7-303-12048-2@dCNY34.00 | |
| 100 | @a20130513d2011 em y0chiy0110 ea | |
| 101 | 0 | @achi |
| 102 | @aCN@b110000 | |
| 105 | @ak a 000yy | |
| 106 | @ar | |
| 200 | 1 | @a语义功能语法与汉语研究@AYu Yi Gong Neng Yu Fa Yu Han Yu Yan Jiu@f王振来著@FWang Zhen Lai Zhu |
| 210 | @a北京@c北京师范大学出版社@d2011.2 | |
| 215 | @a239页@d24cm | |
| 300 | @a学术前沿研究 辽宁省教育厅高校科技专著出版基金资助 | |
| 320 | @a有书目 | |
| 330 | @a本书运用语义功能语法理论,探讨现代汉语特殊句式的结构、语义、表达问题; 被动标记问题; 能愿动词的句法功能和表达功能; 关联词语的衔接功能; 汉语语法教学问题等。我们的研究以事实发掘为立足点,以三个充分为基本要求,力求观察充分、描写充分和解释充分。本书既有共时的考察,也有历时的研究; 既注重汉语个性的探讨,也强调语言之间共性和类型的比较。研究的根本目的是为了发掘汉语语法的理据和内在规律。 | |
| 606 | 0 | @a汉语@x语义@x研究 |
| 606 | 0 | @a汉语@x语法@x研究 |
| 690 | @aH13@v5 | |
| 690 | @aH14@v5 | |
| 701 | 0 | @a王振来@AWang Zhen Lai@4著 |
| 801 | @aCN@bTANGWEI@c20130522 | |
| 905 | @b0833852-55@dH13@e320@f4 | |
| 语义功能语法与汉语研究/王振来著.-北京:北京师范大学出版社,2011.2 |
| 239页;24cm |
| 学术前沿研究 辽宁省教育厅高校科技专著出版基金资助 |
| ISBN 978-7-303-12048-2:CNY34.00 |
| 本书运用语义功能语法理论,探讨现代汉语特殊句式的结构、语义、表达问题; 被动标记问题; 能愿动词的句法功能和表达功能; 关联词语的衔接功能; 汉语语法教学问题等。我们的研究以事实发掘为立足点,以三个充分为基本要求,力求观察充分、描写充分和解释充分。本书既有共时的考察,也有历时的研究; 既注重汉语个性的探讨,也强调语言之间共性和类型的比较。研究的根本目的是为了发掘汉语语法的理据和内在规律。 |
| ● |
| 相关链接 |
|
|
|
|
正题名:语义功能语法与汉语研究
索取号:H13/320
 
预约/预借
| 序号 | 登录号 | 条形码 | 馆藏地/架位号 | 状态 | 备注 |
| 1 | 0833852 | 208338529 | 第二样本阅览室/ [索取号:H13/320] | 在馆 | |
| 2 | 0833853 | 208338538 | 第四借阅区/ [索取号:H13/320] | 在馆 | |
| 3 | 0833854 | 208338547 | 第四借阅区/ [索取号:H13/320] | 在馆 | |
| 4 | 0833855 | 208338556 | 密集书库-文学院/ [索取号:H13/320] | 在馆 |